01224nam a2200289Ia 4500003000400000005001700004008004100021020001800062040002100080041001300101082002600114100003600140245012900176250002200305260007000327300003100397490003800428500005200466505022600518534003600744546002700780650001600807650001300823650002700836700003600863700003500899OSt20200623104642.0191128s2012 mx gr 001 0 spa d a9789681656126 aCO-JMCRcCO-JMCR1 aspaheng04a330.153 / bM261p2231 aMalthus, Thomas Robert, eautor10aPrincipios de economía política /cThomas Robert Malthus ; introducción de J.M. Keynes ; traducción Javier Márquez aPrimera edición aMéxico : bFondo de Cultura Económica, reimpresión, c2012. axl, 385 páginas c21 cm.0 aSección de obras de economía. aIncluye índice analítico páginas 369-385.0 aDe las definiciones de riqueza y trabajo productivo -- De la naturaleza, causas y medidas del valor -- De la renta de la tierra -- De los salarios del trabajo -- De las utilidades del capital -- Del progreso de la riqueza pPrinciples of political economy aTraducido del inglés14aEconomía 24aRiqueza 24aEconomía política 1 aKeynes, J.M., eintroducción 1 aMárquez, Javier, etraductor